| 000 | 00369nam a22001457a 4500 | ||
|---|---|---|---|
| 999 |
_c7997 _d7997 |
||
| 003 | OSt | ||
| 005 | 20200616150147.0 | ||
| 008 | 200616b ||||| |||| 00| 0 eng d | ||
| 020 | _a09788180902932 | ||
| 082 |
_a720.917 _bKHW |
||
| 100 | _a Khwaja G S | ||
| 245 | _aEncyclopaedia of Islamic architecture | ||
| 260 |
_aDelhi _bBharatiya Kala Prakashan _c2012 |
||
| 942 | _2ddc | ||